Sudden Death: Locations with a Single Airport - Statistics

General Stats
  • This quiz has been taken 142 times
  • The average score is 2 of 16
Answers on the Grid
Answers color-coded by a green-red scale on the quiz's grid according to % correct below.
Anguilla
Antarctica
Antigua and Barbuda
Aruba
Barbados
Bermuda
Bhutan
Brunei
Burundi
Cape Verde
Cayman Islands
Christmas Island
Comoros
Curaçao
F. S. Micronesia
Faroe Islands
Gambia
Gibraltar
Greenland
Grenada
Guam
Guernsey
Jersey
Kiribati
Macau
Malta
Montserrat
Nauru
San Marino
São Tomé and Príncipe
Tuvalu
Vatican City
 
Answer Stats
Answer % Correct
Anguilla
28%
Barbados
27%
Aruba
23%
Malta
22%
Gibraltar
18%
Bermuda
12%
Christmas Island
12%
Faroe Islands
12%
Jersey
12%
Curaçao
10%
Nauru
8%
Montserrat
5%
San Marino
5%
Tuvalu
5%
Gambia
3%
Macau
2%
No matching quizzes found
Score Distribution
Percent of People with Each Score
Percentile by Number Answered
Your Score History
You have not taken this quiz